LEADER 00876nam0 2200277 450 001 9910375359803321 005 20200304085641.0 010 $a9788892130524 100 $a20200304d2019 km y0itay50 ba 101 0 $aita 102 $aIT 105 $ay 001yy 200 1 $aIntroduzione al bilancio di esercizio$enormativa civilistica, principi contabili nazionali e profili fiscali$fAlessandro mura, Gianluigi Roberto 210 $aTorino$cGiappichelli 215 $aXIV, 412 p.$d24 cm 225 1 $aRagioneria generale ed applicata$v2 676 $a657$v23 700 1$aMura$bAlessandro$0595032 701 1$aRoberto,$bGianluigi$0381240 801 0$aIT$bUNINA$gREICAT$2UNIMARC 901 $aBK 912 $a9910375359803321 952 $aAZRAG318A$b2717$fDECBC 959 $aDECBC 996 $aIntroduzione al bilancio di esercizio$91733622 997 $aUNINA